000
00292nam a2200109Ia 4500
008
220204s9999 xx 000 0 und d
082
_a
338.26
_b
MCN
100
_a
MCNICHOLAS, Thomas J
245
0
_a
Executive policy and strategic planning
260
_a
New York
_b
McGraw Hill
_c
1977
942
_c
BK
999
_c
33297
_d
33297